Alphabetically Rearranged U.S. State Names - Statistics

General Stats
  • This quiz has been taken 25 times
  • The average score is 24 of 50
Answer Stats
Rearranged State Name % Correct
Aaaablm
84%
Hioo
84%
Aiow
79%
Aaakls
74%
Ahtu
74%
Aainorz
68%
Adfilor
68%
Adhio
68%
Egnoor
68%
Aaaknrss
63%
Aacfiilnor
63%
Aadiinn
63%
Aamnnot
63%
Acdlooor
63%
Aeggior
63%
Aeimn
63%
Cee Imnowx
63%
Aadenv
58%
Aahiiw
58%
Acghiimn
58%
Aghinnostw
58%
Emnortv
58%
Gimnowy
58%
Iiiimppssss
58%
Aestx
53%
Aaknss
47%
Agiiinrv
47%
Cekkntuy
47%
Ciinnossw
47%
Eee Jnrswy
47%
Ekn Orwy
47%
Iiillnos
47%
Aabeknrs
42%
Eeeennsst
42%
Aadhk Noortt
37%
Aegi Iinrstvw
37%
Iimorssu
37%
Aadeelrw
32%
Ccceinnottu
32%
Aadhk Oosttu
26%
Aadlmnry
26%
Aahklmoo
26%
Aacehmssssttu
21%
Addeh Ilnors
21%
Aee Hhimnprsw
21%
Aeimnnost
21%
Aachi Lnnoorrt
16%
Aachi Lnoorstu
11%
Aaeilnnnpsvy
11%
Aaiilnous
11%
No matching quizzes found
Score Distribution
Percent of People with Each Score
Percentile by Number Answered
Your Score History
You have not taken this quiz